[Event "Titled Tuesday intern op 16th Apr Early"]
[Site "Chess.com INT"]
[Date "2024.04.16"]
[Round "4"]
[White "Caku, Kler"]
[Black "Sai Agni, Jeevitesh J"]
[Result "1/2-1/2"]
[WhiteElo "1796"]
[BlackElo "2274"]
[PlyCount "106"]
[EventDate "2024.04.16"]
[EventType "swiss (blitz)"]
[EventRounds "11"]
[EventCountry "USA"]
[SourceTitle "CB17_2024"]
[SourceDate "2024.04.24"]
[SourceVersion "1"]
[SourceVersionDate "2024.04.24"]
[SourceQuality "1"]

1. e4 c6 2. d4 d5 3. exd5 cxd5 4. Bd3 Nc6 5. c3 Nf6 6. h3 g6 7. Ne2 Bg7 8. 0-0 0-0 9. Bf4 Bf5 10. Bxf5 gxf5 11. Ng3 e6 12. Nd2 Kh8 13. Nf3 Ne4 14. Nh5 Rg8 15. Nd2 Qh4 16. Nxe4 dxe4 17. Bg3 Qg5 18. Bf4 Qg6 19. Ng3 Bh6 20. Qd2 Bxf4 21. Qxf4 Qg5 22. Qxg5 Rxg5 23. Ne2 f6 24. Nf4 e5 25. Ne6 Rg6 26. d5 Nd8 27. Nc5 b6 28. Nd7 Rc8 29. Rad1 Rc7 30. Nf8 Rg8 31. Ne6 Rd7 32. Nxd8 Rgxd8 33. c4 Kg7 34. b3 Kf7 35. f3 exf3 36. Rxf3 f4 37. Kf2 Rg8 38. g3 fxg3+ 39. Rxg3 Rxg3 40. Kxg3 f5 41. Rf1 Kg6 42. Kf3 Kg5 43. Rg1+ Kh4 44. Rg8 a5 45. Rf8 Kg5 46. Re8 Kf6 47. Ke3 Rd6 48. Rh8 Kg7 49. Re8 Kf6 50. Rf8+ Kg6 51. Re8 Kf7 52. Rh8 Kg7 53. Re8 Kf6 1/2-1/2

[Event "Titled Tuesday intern op 16th Apr Early"]
[Site "Chess.com INT"]
[Date "2024.04.16"]
[Round "6"]
[White "Osinovsky, Stepan"]
[Black "Caku, Kler"]
[Result "0-1"]
[WhiteElo "2241"]
[BlackElo "1796"]
[PlyCount "54"]
[EventDate "2024.04.16"]
[EventType "swiss (blitz)"]
[EventRounds "11"]
[EventCountry "USA"]
[SourceTitle "CB17_2024"]
[SourceDate "2024.04.24"]
[SourceVersion "1"]
[SourceVersionDate "2024.04.24"]
[SourceQuality "1"]

1. e4 e5 2. Nf3 Nc6 3. Bb5 a6 4. Ba4 Nf6 5. 0-0 b5 6. Bb3 Be7 7. c3 d6 8. d4 0-0 9. h3 Bb7 10. Nbd2 exd4 11. cxd4 Nb4 12. e5 dxe5 13. dxe5 Ne4 14. Re1 Nc5 15. a3 Nbd3 16. Re3 Nxb3 17. Qxb3 Nxc1 18. Rxc1 c5 19. Ne4 c4 20. Qc2 Qb6 21. h4 Rfd8 22. Neg5 Qg6 23. Qe2 h6 24. Ne4 Rd3 25. Re1 Rad8 26. Nfd2 Rxd2 27. Nxd2 Qxg2# 0-1

[Event "Swiss Queens Wed #6"]
[Site "FIDE Online Arena INT"]
[Date "2024.03.06"]
[Round "6"]
[White "Caku, Kler"]
[Black "Nevska, Gerda"]
[Result "1-0"]
[WhiteElo "1846"]
[BlackElo "1872"]
[PlyCount "87"]
[EventDate "2024.03.06"]
[EventType "swiss (blitz)"]
[EventRounds "11"]
[EventCountry "NET"]
[SourceTitle "CB11_2024"]
[SourceDate "2024.03.13"]
[SourceVersion "1"]
[SourceVersionDate "2024.03.13"]
[SourceQuality "1"]

1. e4 Nc6 2. d4 e5 3. dxe5 Nxe5 4. f4 Ng6 5. Nf3 Bc5 6. Qd3 Nf6 7. h3 Qe7 8. Nc3 0-0 9. Na4 Nxe4 10. Be3 Bxe3 11. Qxe3 Qb4+ 12. Nc3 Qxb2 13. Nxe4 Qxa1+ 14. Kf2 d5 15. Ng3 Qxa2 16. f5 Qxc2+ 17. Be2 Bxf5 18. Rc1 Qb2 19. Nxf5 Rae8 20. Qd2 Qb6+ 21. Qd4 Qxd4+ 22. N3xd4 c6 23. Nd6 Rb8 24. Rb1 Rfd8 25. N6f5 Ne5 26. Ne3 f6 27. Ndf5 Re8 28. Nd6 Re7 29. Ndf5 Ng6 30. Nd4 Ne5 31. Ndf5 Rc7 32. Nd4 c5 33. Ne6 Rc6 34. Nf4 Rb6 35. Rc1 Rb5 36. Nexd5 a5 37. Bxb5 Rd8 38. Ne7+ Kf7 39. Ned5 g5 40. Ne2 Kg6 41. Ra1 Rxd5 42. Rxa5 Rd2 43. Ra3 b6 44. Re3 1-0

[Event "Swiss Queens Wed #6"]
[Site "FIDE Online Arena INT"]
[Date "2024.03.06"]
[Round "9"]
[White "Uyangalyankhua, Batzaya"]
[Black "Caku, Kler"]
[Result "1-0"]
[WhiteElo "1656"]
[BlackElo "1846"]
[PlyCount "87"]
[EventDate "2024.03.06"]
[EventType "swiss (blitz)"]
[EventRounds "11"]
[EventCountry "NET"]
[SourceTitle "CB11_2024"]
[SourceDate "2024.03.13"]
[SourceVersion "1"]
[SourceVersionDate "2024.03.13"]
[SourceQuality "1"]

1. d4 d5 2. c4 e6 3. Nc3 Nf6 4. cxd5 exd5 5. Bg5 Nbd7 6. e3 Be7 7. Bd3 0-0 8. Nge2 Re8 9. 0-0 Nf8 10. Qc2 h6 11. Bxf6 Bxf6 12. b4 a6 13. a4 Be6 14. Rae1 Qd6 15. b5 axb5 16. Nxb5 Qb6 17. Qxc7 Bd8 18. Qxb6 Bxb6 19. Nf4 Rxa4 20. Nd6 Rb8 21. Rb1 Bc7 22. Nxe6 Nxe6 23. Nxb7 Ra3 24. Bf5 Ng5 25. Nc5 g6 26. Bd7 Rba8 27. Bc6 Rd8 28. Nb7 Rf8 29. Bxd5 Bb8 30. Rfc1 Ba7 31. h4 Nh7 32. Nd6 Nf6 33. Bf3 g5 34. Nb5 Ra6 35. Nxa7 Rxa7 36. hxg5 hxg5 37. Rc6 Kg7 38. Rbb6 Ng8 39. Rd6 Ra1+ 40. Kh2 f6 41. Kg3 Nh6 42. Rb7+ Kg6 43. Be4+ Kh5 44. Rh7 1-0

[Event "EU-ch Blitz (Women)"]
[Site "Monaco"]
[Date "2024.01.12"]
[Round "6"]
[White "Caku, Kler"]
[Black "Zimina, Olga"]
[Result "0-1"]
[WhiteElo "1744"]
[BlackElo "2291"]
[PlyCount "90"]
[EventDate "2024.01.12"]
[EventType "swiss (blitz)"]
[EventRounds "13"]
[EventCountry "MNC"]
[SourceTitle "CB03_2024"]
[SourceDate "2024.01.17"]
[SourceVersion "1"]
[SourceVersionDate "2024.01.17"]
[SourceQuality "1"]

1. e4 e5 2. Nf3 Nc6 3. d4 exd4 4. Nxd4 Qf6 5. Be3 Bc5 6. c3 Nge7 7. Be2 b6 8. 0-0 Bb7 9. Nb5 0-0-0 10. Bxc5 bxc5 11. Qa4 Kb8 12. f4 d6 13. Nd2 Nc8 14. Qb3 Rhe8 15. a4 Na5 16. Qc2 c4 17. Rae1 Nb6 18. Na3 Qe6 19. f5 Qd7 20. Ndxc4 Naxc4 21. Nxc4 Qxa4 22. b3 Qd7 23. Bf3 Nxc4 24. bxc4 Re5 25. Rb1 Qc6 26. Rb4 Kc8 27. Rfb1 Ba6 28. Qb3 Kd7 29. Ra1 Rde8 30. Qa3 Bxc4 31. Qxa7 Bd3 32. Qd4 Qc5 33. Qxc5 Rxc5 34. Rd4 Bb5 35. Rc1 Ree5 36. c4 Bc6 37. Kf2 Ra5 38. Rc3 Ra2+ 39. Ke3 f6 40. h3 Rea5 41. Rd2 Ke7 42. Rcc2 R5a3+ 43. Kd4 Rxc2 44. Rxc2 Bb7 45. Rb2 c5# 0-1

[Event "Wch U14 Girls"]
[Site "Montesilvano"]
[Date "2023.11.22"]
[Round "9"]
[White "Caku, Kler"]
[Black "Valente, Sofia"]
[Result "1/2-1/2"]
[WhiteElo "1740"]
[BlackElo "1604"]
[PlyCount "80"]
[EventDate "2023.11.13"]
[EventType "swiss"]
[EventRounds "11"]
[EventCountry "ITA"]
[SourceTitle "CB48_2023"]
[SourceDate "2023.11.29"]
[SourceVersion "1"]
[SourceVersionDate "2023.11.29"]
[SourceQuality "1"]

1. e4 c5 2. Nf3 Nc6 3. Bb5 Nf6 4. Bxc6 bxc6 5. Qe2 g6 6. 0-0 Bg7 7. d3 0-0 8. Nbd2 Qc7 9. Nb3 d6 10. h3 Nd7 11. Nh2 Ba6 12. f4 d5 13. Nd2 c4 14. dxc4 dxc4 15. c3 Rad8 16. e5 Qb6+ 17. Kh1 Nc5 18. Nxc4 Bxc4 19. Qxc4 Nd3 20. Nf3 Nxc1 21. Raxc1 Qxb2 22. Rb1 Qa3 23. Rb7 Rb8 24. Rxb8 Rxb8 25. Ng5 e6 26. Rd1 h6 27. Ne4 Bf8 28. Nf6+ Kg7 29. Qxc6 Qxa2 30. Rd7 Qf2 31. Rd1 Qc2 32. Rg1 Rb1 33. Rxb1 Qxb1+ 34. Kh2 Qc1 35. Qc4 h5 36. f5 Qe1 37. Qd4 h4 38. Ne8+ Kh6 39. Qf4+ g5 40. Qd4 Qg3+ 1/2-1/2

[Event "Wch U14 Girls"]
[Site "Montesilvano"]
[Date "2023.11.17"]
[Round "5"]
[White "Caku, Kler"]
[Black "Sosovickova, Martina"]
[Result "1-0"]
[WhiteElo "1740"]
[BlackElo "1877"]
[PlyCount "85"]
[EventDate "2023.11.13"]
[EventType "swiss"]
[EventRounds "11"]
[EventCountry "ITA"]
[SourceTitle "CB48_2023"]
[SourceDate "2023.11.29"]
[SourceVersion "1"]
[SourceVersionDate "2023.11.29"]
[SourceQuality "1"]

1. e4 e5 2. Nf3 Nc6 3. d4 exd4 4. Nxd4 Bc5 5. Be3 Qf6 6. c3 Qg6 7. Nd2 Nf6 8. Qc2 Ng4 9. Qd3 Nxe3 10. Qxe3 0-0 11. N2b3 Bb6 12. 0-0-0 Re8 13. Bd3 Ne5 14. Bc2 d6 15. h3 a5 16. f4 Qh6 17. Nd2 Ng6 18. Rdf1 d5 19. g4 Nf8 20. g5 Qd6 21. e5 Qe7 22. h4 c5 23. Nb5 Bd7 24. c4 Bxb5 25. cxb5 Qe6 26. h5 c4 27. Qc3 Rac8 28. Nf3 d4 29. Nxd4 Bxd4 30. Qxd4 c3 31. b3 a4 32. g6 fxg6 33. hxg6 Kh8 34. Rd1 Qg4 35. Rdg1 Qe2 36. Re1 Qxb5 37. f5 Red8 38. Rxh7+ Kg8 39. Qh4 Nxh7 40. Qxh7+ Kf8 41. Qh8+ Ke7 42. Qxg7+ Ke8 43. Qf7# 1-0

[Event "Wch U14 Girls"]
[Site "Montesilvano"]
[Date "2023.11.16"]
[Round "4"]
[White "Field, Lila Quinn"]
[Black "Caku, Kler"]
[Result "0-1"]
[WhiteElo "1616"]
[BlackElo "1740"]
[PlyCount "76"]
[EventDate "2023.11.13"]
[EventType "swiss"]
[EventRounds "11"]
[EventCountry "ITA"]
[SourceTitle "CB48_2023"]
[SourceDate "2023.11.29"]
[SourceVersion "1"]
[SourceVersionDate "2023.11.29"]
[SourceQuality "1"]

1. e4 e5 2. Nf3 Nc6 3. Bc4 Bc5 4. c3 Nf6 5. d3 h6 6. Nbd2 d6 7. Bb3 0-0 8. h3 Be6 9. Bc2 Bb6 10. g4 Nh7 11. Rg1 d5 12. Qe2 dxe4 13. dxe4 a6 14. Nf1 Bc5 15. Bd2 Ng5 16. Bxg5 hxg5 17. Ng3 Qf6 18. Nf5 g6 19. h4 Bxf5 20. hxg5 Qe7 21. gxf5 Rad8 22. f6 Qe6 23. Qf1 Nb4 24. Qe2 Qh3 25. Nxe5 Rfe8 26. Nc4 Nxc2+ 27. Qxc2 Qf3 28. e5 b5 29. Qe2 Qxe2+ 30. Kxe2 bxc4 31. Rh1 Rxe5+ 32. Kf3 Rd3+ 33. Kf4 Rf5+ 34. Ke4 Bd6 35. Rh4 Re5+ 36. Kf4 Re1+ 37. Kg4 Re4+ 38. f4 Rxf4# 0-1

[Event "EU-ch U14 Girls rapid"]
[Site "Terme Catez"]
[Date "2023.09.29"]
[Round "8"]
[White "Gaszka, Zuzanna"]
[Black "Caku, Kler"]
[Result "0-1"]
[WhiteElo "1553"]
[BlackElo "1724"]
[PlyCount "112"]
[EventDate "2023.09.28"]
[EventType "swiss (rapid)"]
[EventRounds "9"]
[EventCountry "SLO"]
[SourceTitle "EXT 2024"]
[Source "ChessBase"]
[SourceDate "2023.10.10"]
[SourceVersion "1"]
[SourceVersionDate "2023.10.10"]
[SourceQuality "1"]

1. e4 e5 2. Nf3 Nc6 3. Bc4 Bc5 4. c3 Nf6 5. d3 h6 6. 0-0 d6 7. Nbd2 0-0 8. Bb3 a6 9. h3 Ba7 10. Re1 Be6 11. Bc2 Re8 12. Nf1 Qd7 13. Ng3 Rad8 14. Qe2 d5 15. Kh2 dxe4 16. dxe4 b5 17. b3 Qe7 18. Bb2 Qc5 19. Kg1 Rd7 20. Nh4 Red8 21. Rad1 Rxd1 22. Rxd1 Rxd1+ 23. Bxd1 Ne7 24. Qf3 Qd6 25. Bc1 Nh7 26. Bc2 a5 27. Nhf5 Bxf5 28. exf5 Bb6 29. Nh5 Nf6 30. Nxf6+ Qxf6 31. g4 c6 32. Be4 Qd6 33. g5 hxg5 34. Bxg5 f6 35. Bc1 Nd5 36. c4 bxc4 37. bxc4 Ne7 38. Kg2 Bc5 39. Be3 Bxe3 40. Qxe3 Qd4 41. Qe2 c5 42. Kh2 Nxf5 43. Bd5+ Kf8 44. Qf3 Qf4+ 45. Qxf4 exf4 46. Kg2 Nd4 47. a4 Ke7 48. h4 Kd6 49. Bf7 Ke5 50. Bd5 Nf5 51. Kh3 Nd6 52. Kg4 Kd4 53. Kxf4 Nxc4 54. Bc6 Ne5 55. Bb5 c4 56. Bxc4 Kxc4 0-1

[Event "EU-ch U14 Girls rapid"]
[Site "Terme Catez"]
[Date "2023.09.28"]
[Round "3"]
[White "Jankovic, Tamara"]
[Black "Caku, Kler"]
[Result "1/2-1/2"]
[WhiteElo "1570"]
[BlackElo "1724"]
[PlyCount "63"]
[EventDate "2023.09.28"]
[EventType "swiss (rapid)"]
[EventRounds "9"]
[EventCountry "SLO"]
[SourceTitle "EXT 2024"]
[Source "ChessBase"]
[SourceDate "2023.10.10"]
[SourceVersion "1"]
[SourceVersionDate "2023.10.10"]
[SourceQuality "1"]

1. e4 e5 2. Nf3 Nc6 3. Bc4 Bc5 4. c3 Nf6 5. d3 h6 6. 0-0 d6 7. Nbd2 0-0 8. h3 a6 9. Bb3 Be6 10. Re1 Bxb3 11. axb3 Re8 12. Nf1 d5 13. Qe2 dxe4 14. dxe4 Qe7 15. Ng3 Qe6 16. b4 Bb6 17. Be3 Bxe3 18. Qxe3 Rad8 19. Rad1 Qb3 20. Qe2 Nd7 21. Rd3 Nb6 22. Red1 Nc4 23. Rxd8 Rxd8 24. Rxd8+ Nxd8 25. Nd2 Nxd2 26. Qxd2 Ne6 27. Nf5 Qa4 28. f3 Qa1+ 29. Kh2 Qf1 30. Ne3 Qe2 31. Nd5 Qb5 32. Ne7+ 1/2-1/2

[Event "Konjic op 12th"]
[Site "Konjic"]
[Date "2023.03.02"]
[Round "2"]
[White "Ekmescic, Edhem"]
[Black "Caku, Kler"]
[Result "1/2-1/2"]
[WhiteElo "1909"]
[BlackElo "1739"]
[PlyCount "34"]
[EventDate "2023.03.01"]
[EventType "swiss"]
[EventRounds "7"]
[EventCountry "BIH"]
[SourceTitle "CBM 213 Extra"]
[Source "ChessBase"]
[SourceDate "2023.05.31"]
[SourceVersion "1"]
[SourceVersionDate "2023.05.31"]
[SourceQuality "1"]

1. e4 e5 2. Nf3 Nc6 3. Bb5 a6 4. Ba4 Nf6 5. 0-0 b5 6. Bb3 Be7 7. Re1 0-0 8. c3 d6 9. h3 Na5 10. Bc2 c5 11. d3 h6 12. Nbd2 Re8 13. Nf1 Bf8 14. Ng3 Nc6 15. a4 Bd7 16. d4 Qc7 17. d5 Ne7 1/2-1/2

[Event "Konjic op 12th"]
[Site "Konjic"]
[Date "2023.03.01"]
[Round "1"]
[White "Caku, Kler"]
[Black "Jovovic, Milan"]
[Result "0-1"]
[WhiteElo "1739"]
[BlackElo "2037"]
[PlyCount "84"]
[EventDate "2023.03.01"]
[EventType "swiss"]
[EventRounds "7"]
[EventCountry "BIH"]
[SourceTitle "CBM 213 Extra"]
[Source "ChessBase"]
[SourceDate "2023.05.31"]
[SourceVersion "1"]
[SourceVersionDate "2023.05.31"]
[SourceQuality "1"]

1. e4 c5 2. Nf3 d6 3. d4 cxd4 4. Nxd4 Nf6 5. Nc3 a6 6. Be2 e5 7. Nb3 Be7 8. Be3 Be6 9. Qd2 Nbd7 10. f3 b5 11. 0-0-0 Rc8 12. Nd5 Bxd5 13. exd5 Nb6 14. Bxb6 Qxb6 15. Bd3 0-0 16. g4 Rc7 17. h4 Kh8 18. Bf5 b4 19. h5 a5 20. g5 Ng8 21. Rdg1 a4 22. Na1 b3 23. c3 bxa2 24. Bxh7 Rb8 25. Bf5 Bf8 26. Rg4 Ne7 27. Be4 Qc5 28. Bc2 a3 29. Bb3 Rcb7 30. Kc2 axb2 31. Kxb2 Nxd5 32. g6 Ne3 33. gxf7 Nc4+ 34. Rxc4 Qxc4 35. Qc2 Qxf7 36. c4 Qf6 37. Qe4 Rf7 38. Rh3 Qg5 39. Rh2 Qg3 40. Rc2 Qxf3 41. Qg6 Qf6 42. Qe4 Qf5 0-1

[Event "Olympiad Women-44"]
[Site "Chennai"]
[Date "2022.07.31"]
[Round "3.3"]
[White "Caku, Kler"]
[Black "Mejia, Camila"]
[Result "1-0"]
[WhiteElo "1626"]
[BlackElo "1330"]
[PlyCount "51"]
[EventDate "2022.07.29"]
[EventType "team-swiss"]
[EventRounds "11"]
[EventCountry "IND"]
[SourceTitle "CBM 210"]
[Source "ChessBase"]
[SourceDate "2022.10.31"]
[SourceVersion "1"]
[SourceVersionDate "2022.10.31"]
[SourceQuality "1"]
[WhiteTeam "Albania (W)"]
[BlackTeam "Honduras (W)"]
[WhiteTeamCountry "ALB"]
[BlackTeamCountry "HON"]

1. e4 e5 2. Nf3 Nc6 3. d4 exd4 4. Nxd4 Nxd4 5. Qxd4 d6 6. Bc4 Be6 7. Nc3 Nf6 8. Bf4 Be7 9. 0-0-0 0-0 10. f3 a6 11. Bxe6 fxe6 12. Qc4 Qd7 13. e5 Ne8 14. exd6 cxd6 15. Rhe1 d5 16. Nxd5 exd5 17. Rxd5 Qc6 18. Rc5+ Kh8 19. Rxc6 bxc6 20. Rxe7 Nf6 21. Be5 Rae8 22. Bxf6 gxf6 23. Rxe8 Rxe8 24. Qf7 Re1+ 25. Kd2 Rg1 26. Qf8# 1-0

[Event "Motiva Online Blitz (Women)"]
[Site "Chess.com INT"]
[Date "2021.12.18"]
[Round "8"]
[White "Caku, Kler"]
[Black "Varney, Zoe"]
[Result "1-0"]
[WhiteElo "1304"]
[BlackElo "1981"]
[PlyCount "137"]
[EventDate "2021.12.18"]
[EventType "swiss (blitz)"]
[EventRounds "13"]
[EventCountry "USA"]
[SourceTitle "CBM 205 Extra"]
[Source "ChessBase"]
[SourceDate "2022.01.31"]
[SourceVersion "1"]
[SourceVersionDate "2022.01.31"]
[SourceQuality "1"]

1. e4 e5 2. Nf3 Nc6 3. d4 exd4 4. Nxd4 Nf6 5. Nc3 Bb4 6. Nxc6 bxc6 7. Bd3 d5 8. exd5 0-0 9. 0-0 Bg4 10. Be2 Bxe2 11. Qxe2 cxd5 12. Bg5 Be7 13. Rad1 c6 14. Rfe1 Re8 15. Qa6 Qb6 16. Qxb6 axb6 17. a3 h6 18. Be3 Rab8 19. Na4 b5 20. Nc5 b4 21. a4 Bd6 22. Bd4 Ng4 23. h3 Ne5 24. Bxe5 Rxe5 25. Rxe5 Bxe5 26. Nd7 Re8 27. a5 Bc7 28. a6 Ra8 29. Ra1 f6 30. a7 Kf7 31. Ra6 Ke7 32. Nc5 Kd6 33. Nb7+ Kd7 34. Nc5+ Kc8 35. Rxc6 Kd8 36. Ne6+ Kd7 37. Rxc7+ Kxe6 38. Rxg7 Kd6 39. Rb7 Kc6 40. Rxb4 Rxa7 41. Rf4 Rf7 42. Rh4 Rh7 43. Rf4 Rf7 44. Kh2 Kd6 45. Kg3 Ke5 46. Kf3 f5 47. Rb4 Rc7 48. c3 Rc6 49. g3 Ke6 50. Kf4 Kf6 51. g4 fxg4 52. hxg4 Kg6 53. Kg3 Kg5 54. f4+ Kf6 55. Kh4 Ke6 56. Kh5 Kd7 57. g5 hxg5 58. fxg5 Ke7 59. g6 Kf6 60. Rb7 Re6 61. g7 Re8 62. Kh6 Re1 63. Kh7 Rh1+ 64. Kg8 Kg6 65. Rf7 Rh7 66. Rc7 Rh5 67. Rc6+ Kf5 68. Kf7 Rh7 69. Kf8 1-0